书目信息 |
| 题名: |
论鲁迅的小说创作
|
|
| 作者: | 吴中杰 , 高云 著 | |
| 分册: | ||
| 出版信息: | 上海 上海文艺出版社 1978 |
|
| 页数: | 193页 | |
| 开本: | 20cm | |
| 丛书名: | 中国现代文学研究丛书 | |
| 单 册: | ||
| 中图分类: | I210.97 | |
| 科图分类: | ||
| 主题词: | 鲁迅著作--评论 | |
| 电子资源: | ||
| ISBN: | ||
| 000 | 00705nam2 2200253 45 | |
| 001 | 0178003606 | |
| 005 | 20050415111207.2 | |
| 010 | @dCNY0.55 | |
| 091 | @aCN@b10078.3037 | |
| 100 | @a19950718d1978 em y0chiy0121 ea | |
| 101 | 0 | @achi |
| 102 | @aCN@b310000 | |
| 105 | @ay z 000zy | |
| 200 | 10 | @a论鲁迅的小说创作@Alun lu xun de xiao shuo chuang zuo@f吴中杰,高云著@FWu Zhong Jie,Gao Yun Zhu |
| 210 | @a上海@c上海文艺出版社@d1978 | |
| 215 | @a193页@d20cm | |
| 225 | 2 | @a中国现代文学研究丛书 |
| 410 | 0 | @120010@a中国现代文学研究丛书 |
| 606 | @a鲁迅著作@x评论 | |
| 690 | @aI210.97@v3 | |
| 701 | 0 | @a吴中杰@4著 |
| 701 | 0 | @a高云@4著 |
| 801 | 0 | @aCN@bNLC@c20050414 |
| 905 | @f1@b4398@dI210.97@e1 | |
| 论鲁迅的小说创作/吴中杰,高云著.-上海:上海文艺出版社,1978 |
| 193页;20cm.-(中国现代文学研究丛书) |
| ISBN :CNY0.55 |
| ● |
| 相关链接 |
|
|
|
|
正题名:论鲁迅的小说创作
索取号:I210.97/1
 
预约/预借
| 序号 | 登录号 | 条形码 | 馆藏地/架位号 | 状态 | 备注 |
| 1 | 0004398 | 002021840 | 密集书库/ [索取号:I210.97/1] | 在馆 |